000 00306nam a22001337a 4500
020 _a0 85157 190 5
082 _a021.609 595 WIJ
100 _aWijasuriy, D.E.K
245 _aThe Barefoot Librarian
260 _alondon
_bclive bingley
_c1975
300 _a120p
_bill.;22cm
500 _aINDEX
942 _cBK
999 _c19135
_d19135